| 000 | 03160nam0a2200469 4500 | ||
|---|---|---|---|
| 001 | RU\NLR\BIBL_A\022307485 | ||
| 005 | 20260420013824.0 | ||
| 010 |
_a978-5-00226-061-4 _9500 |
||
| 021 |
_aRU _bКН-П-24-041167 _9КН-П-24-4073 |
||
| 035 | _a(NLR Aleph) 022307485 | ||
| 090 |
_a13663762 _c13663762 |
||
| 100 | _a20240826d2024 k y0rusy50 ca | ||
| 101 | 0 |
_arus _aeng |
|
| 102 | _aRU | ||
| 105 | _ay z 100yy | ||
| 181 | 0 |
_ai4 _baxxe |
|
| 182 | 0 | _an | |
| 200 | 1 |
_aМолодежь XXI века: образование, наука, инновации _eматериалы XII всероссийской студенческой научно-практической конференции с международным участием (г. Новосибирск, 1–3 ноября 2023 г.) _fМинистерство просвещения Российской Федерации, Новосибирский государственный педагогической университет, Институт филологии, массовой информации и психологии _gпод редакцией А. А. Пономаревой |
|
| 203 |
_aТекст _bвизуальный _cнепосредственный |
||
| 210 |
_aНовосибирск _cИзд-во НГПУ _d2024 |
||
| 215 |
_a365, [1] с. _d21 |
||
| 225 | 1 | _aГод семьи, 2024 | |
| 300 | _aЧасть текста англ. | ||
| 320 | _aБиблиогр. в конце ст. | ||
| 606 | 1 |
_aРусский язык _jСъезды, совещания и т.п _xПреподавание _xСредняя школа _91546697 _3RU\NLR\AUTH\66976048 |
|
| 606 | 1 |
_aМедиаобразование _jСъезды, совещания и т.п _92180774 _3RU\NLR\AUTH\661311454 |
|
| 606 | 1 |
_aСредства массовой информации _jСъезды, совещания и т.п _92114705 _3RU\NLR\AUTH\661277644 |
|
| 606 | 1 |
_aФилология _jСъезды, совещания и т.п _9921663 _3RU\NLR\AUTH\6619068 |
|
| 686 | 1 | _aЧ426.131(2Р)я431 | |
| 686 | 1 | _aЧ600.0я431 | |
| 686 | 1 | _aЧ312.7я431 | |
| 686 | 1 | _aЧ312.31я431 | |
| 686 | 1 | _aШ.я431 | |
| 702 | 1 |
_4340 _aПономарёва _bА. А. _cканд. филол. наук _f1992- _gАнастасия Александровна _9258570 _3RU\NLR\AUTH\770258626 |
|
| 711 | 1 | 2 |
_a"Молодежь XXI века: образование, наука, инновации", всероссийская студенческая научно-практическая конференция с международным участием _d12 _eНовосибирск _f2023 _9886633 _3RU\NLR\AUTH\880614782 |
| 712 | 0 | 2 |
_4570 _aНовосибирский государственный педагогический университет _bИнститут филологии, массовой информации и психологии _9576686 _3RU\NLR\AUTH\8810038898 |
| 942 | _cBOOK | ||
| 980 | _aNB | ||